LEADER 02112nam0 22004093i 450 001 VAN00270376 005 20250919102933.531 017 70$2N$a9783031259623 100 $a20240129d2023 |0itac50 ba 101 $aeng 102 $aCH 105 $a|||| ||||| 181 $ai$b e 182 $ab 183 $acr 200 1 $aPhysical and Mathematical Modeling of Earth and Environment Processes?2022$eProceedings of 8th International Scientific Conference-School for Young Scientists$feditor V. I. Karev 210 $aCham$cSpringer$d2023 215 $aX, 646 p.$c97 b/w illustrations, 180 illustrations in colour$d24 cm 410 1$1001VAN00219201$12001 $aSpringer Proceedings in Earth and Environmental Sciences$1210 $aCham$cSpringer$d2019- 620 $aCH$dCham$3VANL001889 676 $a624.151$cIngegneria strutturale e tecnica delle costruzioni sotterranee - Tecnica delle fondazioni. Ingegneria geotecnica$v22 676 $a550$cScienze della terra e geologia - Geofisica$v22 676 $a551$cGeologia, idrogeologia, meteorologia$v22 676 $a526$cCartografia - Geodesia$v22 702 1$aKarev$bVladimir I.$3VANV208361 712 $aSpringer $3VANV108073$4650 790 1$aKarev, V. I.$zKarev, Vladimir I.$3VANV208362 790 1$aKarev, Vladimir Iosifovi?$zKarev, Vladimir I.$3VANV208363 790 1$aKarev, V.I.$zKarev, Vladimir I.$3VANV208364 801 $aIT$bSOL$c20250926$gRICA 856 4 $uhttps://link.springer.com/openurl?genre=book&isbn=978-3-031-25962-3$zE-book - Accesso al full-text attraverso riconoscimento IP di Ateneo, proxy e/o Shibboleth 899 $aBIBLIOTECA DEL DIPARTIMENTO DI SCIENZE E TECNOLOGIE AMBIENTALI BIOLOGICHE E FARMACEUTICHE$1IT-CE0101$2VAN17 912 $fN 912 $aVAN00270376 950 $aBIBLIOTECA DEL DIPARTIMENTO DI SCIENZE E TECNOLOGIE AMBIENTALI BIOLOGICHE E FARMACEUTICHE$d17CONS e-book 2310 $e17BIB2310/177 177 20240129 996 $aPhysical and Mathematical Modeling of Earth and Environment Processes?2022$93200543 997 $aUNICAMPANIA